000 00922cam a2200229 4500
001 WB3911-10
008 030317n2003 000 0 eng u
035 _a(Sirsi) u121646
245 _aDeprived communities enpowerment
260 _c2003
490 _aODPM News Release
_v(043) 17 March 2003, (4)
520 _aA cash boost worth £400m is announced in order to revitalise deprived communities. The Neighbourhood Renewal Fund money will go to the 88 most deprived authorities in England and Wales as part of a long term approach to reverse the decline in improverished communities. For the ODPM news release: http://www.odpm.gov.uk/news/0303/0043.htm
590 _aWB
650 _aDEPRIVED AREAS
650 _aLOCAL AUTHORITIES
650 _aLOCAL PARTNERSHIPS
650 _aSOCIAL EXCLUSION
650 _aPUBLIC SERVICES
650 _aNEIGHBOURHOOD RENEWAL FUND
690 _aREGENERATION
942 _n0
999 _c72307
_d72307